Loading...

Atmoshere: An introduction to meteorology

Bibliographic Details
Main Author: Frederick K Lutgens
Format: Printed Book
Published: New Delhi PHI learning pvt. ltd. 2012
LEADER 00426nam a22001217a 4500
020 |a 9788120344150 
082 |a 551.5  |b LUT.A 
100 |a Frederick K Lutgens 
245 |a Atmoshere: An introduction to meteorology 
260 |a New Delhi  |b PHI learning pvt. ltd.  |c 2012 
942 |c BK 
999 |c 3853  |d 3853 
952 |0 0  |1 0  |4 0  |6 551_500000000000000_LUT_A  |7 0  |8 NFIC  |9 3850  |a CAMPUS  |b CAMPUS  |d 2015-05-12  |l 0  |o 551.5 LUT.A  |p 20860  |r 2015-05-12  |w 2015-05-12  |y BK